000 01002 a2200193 4500
003 NUST
005 20251124142758.0
040 _cNust
082 _a621.382,AZI
100 _aAziz, Muhammad Fozan (TCC-19)
_9132032
245 _aMedical wireless sensor network for remote patient monitoring /
_cMuhammad Fozan Aziz, Abdul Moiz Ahmed Porkani, Qasim Ali and Hassaan Abdul Qayyum
260 _aRawalpindi
_bMCS (NUST)
_cAugust 2011
300 _axvi, 122 p.;
505 _aIntroduction (Page-1), Design (Page-5), Acquisition of Blood and Pulse Rate Measurements (Page-20), Acquiring ECG Measurements (Page-32), Programming in TINYOS (Page-38), Packet Formation to the Application (Page-45), Packet Formation and Communication (Page-46), Interactive user application Development (Page-53), Future Work and Conclusion (Page-64), bibliography (Page-120).
650 _aUG Projects
_998716
651 _aTCC-19
_9106901
700 _aSupervised by Dr. Muhammad Faisal Khan
_9132033
942 _cPR
_2ddc
999 _c188995
_d188995